the simple art of Japanese origami : (Record no. 203797)
[ view plain ]
| 000 -LEADER | |
|---|---|
| fixed length control field | 02028nam a2200301 i 4500 |
| 003 - CONTROL NUMBER IDENTIFIER | |
| control field | OSt |
| 005 - DATE AND TIME OF LATEST TRANSACTION | |
| control field | 20260412114033.0 |
| 008 - FIXED-LENGTH DATA ELEMENTS--GENERAL INFORMATION | |
| fixed length control field | 260412t20252006enkao grb 001 0 eng d |
| 020 ## - INTERNATIONAL STANDARD BOOK NUMBER | |
| International Standard Book Number | 9781800653993 |
| Terms of availability | RM 109.90 |
| Qualifying information | paperback |
| 040 ## - CATALOGING SOURCE | |
| Original cataloging agency | PPAK |
| Language of cataloging | eng |
| Transcribing agency | PPAK |
| Description conventions | rda |
| 082 04 - DEWEY DECIMAL CLASSIFICATION NUMBER | |
| Edition number | 23 |
| Classification number | 736.982 |
| 090 00 - LOCALLY ASSIGNED LC-TYPE CALL NUMBER (OCLC); LOCAL CALL NUMBER (RLIN) | |
| Classification number (OCLC) (R) ; Classification number, CALL (RLIN) (NR) | 736.982 |
| Feature heading | ONO |
| Feature heading | G |
| 100 1# - MAIN ENTRY--PERSONAL NAME | |
| Personal name | Ono, Mari, |
| Dates associated with a name | 1961- |
| Relator term | author. |
| 245 10 - TITLE STATEMENT | |
| Title | the simple art of Japanese origami : |
| Remainder of title | 24 unique oriental projects / |
| Statement of responsibility, etc. | mari ono |
| 246 30 - VARYING FORM OF TITLE | |
| Title proper/short title | The simple art of origami : |
| Remainder of title | twenty four unique oriental projects |
| 264 #1 - PRODUCTION, PUBLICATION, DISTRIBUTION, MANUFACTURE, AND COPYRIGHT NOTICE | |
| Place of production, publication, distribution, manufacture | London : |
| Name of producer, publisher, distributor, manufacturer | CICO Books, An imprint of Ryland Peters & Small Ltd., |
| Date of production, publication, distribution, manufacture, or copyright notice | 2025 |
| Date of production, publication, distribution, manufacture, or copyright notice | ©2006 |
| 300 ## - PHYSICAL DESCRIPTION | |
| Extent | 96 pages : |
| Other physical details | colour photographs ; |
| Dimensions | 24 cm + |
| Accompanying material | 50 pieces of origami paper |
| 336 ## - CONTENT TYPE | |
| Content type term | text |
| Source | rdacontent |
| Content type term | still image |
| Source | rdacontent |
| 337 ## - MEDIA TYPE | |
| Media type term | unmediated |
| Source | rdamedia |
| 338 ## - CARRIER TYPE | |
| Carrier type term | volume |
| Source | rdacarrier |
| 500 ## - GENERAL NOTE | |
| General note | Includes index. |
| General note | Includes 50 pieces of origami paper. |
| 520 ## - SUMMARY, ETC. | |
| Summary, etc. | Discover TRUE JAPANESE DESIGN with 24 BEAUTIFUL paper projects, designed by BESTSELLING author Mari Ono, with 50 sheets of origami paper included.IDEAL FOR BEGINNNERS: each project features clear STEP-BY-STEP images and EASY-TO-FOLLOW instructions.Tokyo-born Mari Ono introduces you to the top Japanese origami techniques, teaching you how to understand and use paper authentically to make beautiful gifts, decorations and more. Plus, the 50 pieces of gorgeous origami paper included mean you can get started right away.The projects range from traditional ideas to more contemporary designs. Give a card embellished with symbols of love and luck for a special occasion, fill a vase with pretty paper irises to decorate your home or bring the paper to life by folding a sweet rabbit or crane.Including professional tips and finishing touches, this is the book that will show you how to create truly authentic Japanese papercrafts using the best paper designs from the modern East |
| 650 10 - SUBJECT ADDED ENTRY--TOPICAL TERM | |
| Topical term or geographic name entry element | Origami. |
| 942 ## - ADDED ENTRY ELEMENTS (KOHA) | |
| Source of classification or shelving scheme | Dewey Decimal Classification |
| Koha item type | Book |
No items available.